Inferno / (Record no. 229)
[ view plain ]
| 000 -LEADER | |
|---|---|
| fixed length control field | 00837cam a2200265 4500 |
| 001 - CONTROL NUMBER | |
| control field | 256 |
| 005 - DATE AND TIME OF LATEST TRANSACTION | |
| control field | 20181127161022.0 |
| 008 - FIXED-LENGTH DATA ELEMENTS--GENERAL INFORMATION | |
| fixed length control field | 081016s2007 enk b 000 p eng d |
| 010 ## - LIBRARY OF CONGRESS CONTROL NUMBER | |
| LC control number | 2008277596 |
| 020 ## - INTERNATIONAL STANDARD BOOK NUMBER | |
| International Standard Book Number | 0099503824 (twin ed.) |
| International Standard Book Number | 0099511975 (pbk.) |
| International Standard Book Number | 9780099503828 (twin ed.) |
| International Standard Book Number | 9780099511977 (pbk.) |
| 041 1# - LANGUAGE CODE | |
| Language code of text/sound track or separate title | eng |
| Language code of original | ita |
| 100 0# - MAIN ENTRY--PERSONAL NAME | |
| Personal name | Dante Alighieri, |
| Dates associated with a name | 1265-1321. |
| 240 10 - UNIFORM TITLE | |
| Uniform title | Inferno. |
| Language of a work | English |
| 245 10 - TITLE STATEMENT | |
| Title | Inferno / |
| Statement of responsibility, etc. | Dante Alighieri ; translated, annotated and introduced by Steve Ellis. |
| 260 ## - PUBLICATION, DISTRIBUTION, ETC. | |
| Place of publication, distribution, etc. | London : |
| Name of publisher, distributor, etc. | Vintage Books, |
| Date of publication, distribution, etc. | 2007. |
| 300 ## - PHYSICAL DESCRIPTION | |
| Extent | xxvi, 208 p. ; |
| Dimensions | 20 cm. |
| 504 ## - BIBLIOGRAPHY, ETC. NOTE | |
| Bibliography, etc. note | Includes bibliographical references. |
| 546 ## - LANGUAGE NOTE | |
| Language note | Translated from the Italian. |
| 600 00 - SUBJECT ADDED ENTRY--PERSONAL NAME | |
| Personal name | Dante Alighieri, |
| Dates associated with a name | 1265-1321. |
| Title of a work | Inferno. |
| 650 #0 - SUBJECT ADDED ENTRY--TOPICAL TERM | |
| Topical term or geographic name entry element | Hell |
| General subdivision | Poetry. |
| 700 1# - ADDED ENTRY--PERSONAL NAME | |
| Personal name | Ellis, Steve, |
| Dates associated with a name | 1952- |
| Withdrawn status | Lost status | Source of classification or shelving scheme | Damaged status | Not for loan | Collection code | Home library | Current library | Shelving location | Serial Enumeration / chronology | Inventory number | Total Checkouts | Full call number | Barcode | Date last seen | Price effective from | Koha item type |
|---|---|---|---|---|---|---|---|---|---|---|---|---|---|---|---|---|
| Dewey Decimal Classification | Main TEST | RTC Library | RTC Library | Main opac | 3102 | 851 DAN | 30000078 | 27/11/2018 | 27/11/2018 | Main |